Responses for Show #7259 - Thursday, March 17, 2016

Contestants

[<< previous game]

Gwen Niksic, a major account manager originally from Chicago, Illinois

Chris Horton, a data administrator originally from Manville, Rhode Island

Philip Tiu, an educator from Atlanta, Georgia (whose 3-day cash winnings total $96,598)

[next game >>]

Jeopardy! Round responses

ONE-VOWEL WORDS
GERSHWIN TUNES
ALL SORTS OF SANDWICHES
FOUNTAINS
WHAT'S GOING ON IN THE NEWS?
BEASTLY BOOK BLANKS
    $200 5
a sword

Philip
    $200 15
pita

Chris
    $200 7
(Chris: What is Barcelona?)

Madrid

PhilipChris
    $200 20
2,500

Gwen
    $200 9
Dolphins

Philip
    $400 4
tongs

Gwen
    $400 21
cucumber

Philip
    $400 16
(Chris: Who is Daniel?)

Samson

PhilipChris
    $400 25
golf balls

Chris
    $400 11
Horse

Gwen
    $600 3
(Chris: What is elbow?)

the wrist

Chris
Triple Stumper
    $600 24
the Quarter Pounder

Gwen
    $600 17
Kansas City

Triple Stumper
    $600 26
[The end-of-round signal sounds.]

the Pope (Francis)

Philip
    $600 12
Jackal

Philip
    $800 2
a stent

Philip
    $800 19
the BLT

Chris
    $800 8
(Chris: Uh, what is Las Vegas?)

the Bellagio (Hotel)

ChrisGwen
    $800 22
(Alex: Good, you're out of the hole with a minute to go.)

Black Friday

Chris
    $800 13
(Chris: What are Dragons?)

Crows

Chris
Triple Stumper
    $1,000 1
(Alex: How many Shakespeare plays did you run through before you got to that one? Don't answer. Go again. Make a selection.)

Twelfth Night

Philip
    $1000 23
(Philip: What is "You Say Potayto, I Say Potahto"?)

"Let's Call The Whole Thing Off"

PhilipGwen
    $1000 18
sloppy joe

Gwen
    $1000 6
the Danube

Chris
    $1000 14
the Maldives

Triple Stumper
    $1000 10
Mouse

Gwen

Scores at the first commercial break (after clue 14):

Philip Chris Gwen
$3,000 -$1,400 $2,600

Scores at the end of the Jeopardy! Round:

Philip Chris Gwen
$3,400 $400 $5,400

Double Jeopardy! Round responses

ONE-CONSONANT WORDS
NEW ZEALAND
AMERICAN DIPLOMATS
HEALTH & MEDICINE
2-WORD BUSINESS TERMS
TV DETECTIVES
(Alex: And finally, we'll give you the [*], you identify the show for us.)
    $400 7
the euro

Triple Stumper
    $400 19
Cuba

Philip
    $400 9
plaque

Philip
    $400 26
[The end-of-round signal sounds.]

accounts receivable

Philip
    $400 1
Hawaii Five-O

Chris
    $800 6
(Chris: What is Oahu?)

Maui

ChrisGwen
    $800 20
(Philip: Who is Captain Cook?)

Sir Edmund Hillary

Philip
Triple Stumper
    $800 18
(Alex: That's right, Joseph [*] was the man.)

Kennedy

Chris
    $800 8
a mammogram

Chris
    $800 2
The Wire

Gwen
    $1200 3
an oboe

Gwen
    $1200 16
bats

Philip
    $1200 13
John Quincy Adams

Philip
    $1200 24
(Chris: What is [*]ed?)

breech

Chris
    $1600 4
Tao

Gwen
    $1600 15
(Philip: What is Queensland?)

New South Wales

PhilipChris
    $2,000 12
(Chris: Who is Gabor?)

Shirley Temple Black

Chris
    $1600 25
macular degeneration

Gwen
    $1600 23
[ERRATUM: A [*] measure is "swallowed" (adopted) by a company resisting a hostile takeover, not a company attempting one.]

poison pill

Gwen
    $1600 17
Grimm

Triple Stumper
    $2000 5
auk

Gwen
    $5,000 14
(Philip: What is Wellington?)
(Alex: No, there's a religious connotation in the clue, so the city is [*].)

Christchurch

Philip
    $2000 11
(Jon) Huntsman

Chris
    $2000 21
Gardasil

Triple Stumper
    $2000 22
(Alex: Less than a minute now, Philip.)

big data

Triple Stumper
    $2000 10
Arrow

Triple Stumper

Scores at the end of the Double Jeopardy! Round:

Philip Chris Gwen
-$400 $4,400 $15,000
(lock game)

[wagering suggestions for these scores]

Final Jeopardy! Round responses

GREAT BRITONS
(Alex: [To Chris] ...who broke the four-minute mile.)
...
(Alex: [To Gwen] You were thinking legal instead of sports.]
ChrisWho is Roger Bannister
$4,400
GwenWho is Barrister
$1,000
Roger Bannister

Final scores:

Philip Chris Gwen
-$400 $8,800 $14,000
3rd place: $1,000 2nd place: $2,000 New champion: $14,000

Game dynamics:

Coryat scores:

Philip Chris Gwen
$4,600 $6,400 $15,000
14 R
(including 1 DD),
4 W
(including 1 DD)
11 R,
7 W
(including 1 DD)
15 R,
0 W

Combined Coryat: $26,000

[game clues] [game scores] [suggest correction]

Game tape date: 2016-01-27
The J! Archive is created by fans, for fans. Scraping, republication, monetization, and malicious use prohibited; this site may use cookies and collect identifying information. See terms. The Jeopardy! game show and all elements thereof, including but not limited to copyright and trademark thereto, are the property of Jeopardy Productions, Inc. and are protected under law. This website is not affiliated with, sponsored by, or operated by Jeopardy Productions, Inc. Join the discussion at JBoard.tv.